000 00314pab a2200133 454500
008 180718b2015 xxu||||| |||| 00| 0 eng d
100 _aPatnaik, Prabhat
245 _aThe Nehru Mahalanobis strategy
260 _c2015
300 _ap.3-10.
362 _aMar-Apr
773 _aSocial Scientist
909 _a107784
999 _c107779
_d107779